Batman Arkham Asylum Heroes/Villains - Statistics

General Stats
  • This quiz has been taken 369 times
  • The average score is 10 of 13
Answer Stats
Answer % Correct
Batman
100%
Joker
98%
Oracle
95%
Harley Quinn
93%
Bane
92%
Commissioner Gordon
90%
Poison Ivy
86%
Scarecrow
86%
Killer Croc
85%
The Riddler
73%
Victor Zsasz
60%
Clayface
41%
Quincy Sharp
35%
No matching quizzes found
Score Distribution
Percent of People with Each Score
Percentile by Number Answered
Your Score History
You have not taken this quiz